1521 1500 1243 1653 1602 1809 1216 1622 1924 1875 1612 1536 1536 1695 1757 1332 1309 1035 1475 1382 1501 1248 1605 1613 1115 1949 1622 1238 1678 1657 1816 1712 1821 1678 1436 1374 1251 1655 1492 1385 1754 1333 1817 1535 1506 1929 1180 1446 1387 1298 1185 1760 1295 1293 1682 1394 1011 1812 1300 1323 1538 1127 1893 1720 1699 1102 1691 1321 1277 1773 1292 1394 1896 1132 1553 1002 1708 1809 1704 1880 1547 1287 1846 1222 1222 1081 1162 1819 1681 1254 1408 1324 1386 1716 1662 1494 1579 1446 1389 BCNSPRNW ULIB Ver.6.0+V

เปลี่ยนเป็นภาษาไทย

Change to English
 แสดงรายละเอียดบรรณานุกรม
  กลับหน้าหลัก

Brief Record : Get Marc (ISO 2709) : E-mail record : QR code < ปิดหน้าต่าง
LEADER : 00000nam 2200000uu 4500
001    13399127014
003     ULIB
008    020711s2561 th a 000 0 tha d
020    ^a9786163700506
060    ^aWS440^bว519พ
100    ^aวิจารณ์ พานิช
245    ^aพลังแห่งวัยเยาว์
250    ^aพิมพ์ครั้งที่ 1
260    ^aกรุงเทพฯ :^bบริษัท แปลน พริ้นติ้ง จำกัด,^c2561
300    ^a239 หน้า;^b21 ซม.
650    ^aเด็ก^xการเรียนการสอน
945    ^p250^l0^i006188
945    ^p250^l0^i006189
945    ^p250^l0^i006190
999    ^aประนอม เกษจรัล
รายการนี้ยังไม่มีแท็ก
คุณยังไม่ได้ล็อกอิน คุณสามารถมีกิจกรรมร่วมกับเว็บไซต์ได้ แต่ต้องล็อกอินก่อน ::
  ล็อกอิน

รายการสื่อสารสนเทศ

ลำดับที่ ประเภท เลขเรียก/บาร์โค้ด สถานที่ สถานะ
1. วิทยาศาสตร์การแพทย์ และสุขภาพ
หนังสือสำรอง
สถานะ=หนังสือสำรอง
WS440 ว519พ ฉ.1 
  Barcode: 006188
ห้องสมุดวิทยาเขตสวรรค์ประชารักษ์
►หนังสือทั่วไป
บนชั้น
2. วิทยาศาสตร์การแพทย์ และสุขภาพ
วิทยาศาสตร์การแพทย์ และสุขภาพ
WS440 ว519พ ฉ.2 
  Barcode: 006189
ห้องสมุดวิทยาเขตสวรรค์ประชารักษ์
►หนังสือทั่วไป
บนชั้น
3. วิทยาศาสตร์การแพทย์ และสุขภาพ
วิทยาศาสตร์การแพทย์ และสุขภาพ
WS440 ว519พ ฉ.3 
  Barcode: 006190
ห้องสมุดวิทยาเขตสวรรค์ประชารักษ์
►หนังสือทั่วไป
บนชั้น

รายการใกล้เคียง
    ชื่อเรื่อง [พลังแห่งวัยเยาว์]

    ผู้แต่ง [วิจารณ์ พานิช]

BibComment


ยังไม่เคยถูกคอมเมนท์

คอมเมนท์ทรัพยากรรายการนี้
  คอมเมนท์: พลังแห่งวัยเยาว์


 Copyright 2026. Bcnsprnw @Library